Dictionary of Digital Journalism (Record no. 572)
[ view plain ]
| 000 -LEADER | |
|---|---|
| Fixed length control field | 00457nam a2200169 4500 |
| 003 - CONTROL NUMBER IDENTIFIER | |
| Control field | SEACOMMC |
| 005 - DATE AND TIME OF LATEST TRANSACTION | |
| Control field | 20250416162541.0 |
| 008 - FIXED-LENGTH DATA ELEMENTS--GENERAL INFORMATION | |
| Fixed length control field | 240919b |||||||| |||| 00| 0 eng d |
| 020 ## - INTERNATIONAL STANDARD BOOK NUMBER / ISBN | |
| International Standard Book Number | 81-7-273-251-1 |
| Price | Rs.150.00 |
| 040 ## - CATALOGING SOURCE | |
| Original cataloging agency | SEACOMMC |
| 082 ## - DEWEY DECIMAL CLASSIFICATION NUMBER | |
| Classification number | 070.43 |
| Book Number | D947 |
| 100 ## - MAIN ENTRY--PERSONAL NAME | |
| Personal name | Durai, Ramchandra |
| 245 1# - TITLE STATEMENT | |
| Title | Dictionary of Digital Journalism |
| Statement of responsibility | Ramchandra Durai |
| 260 ## - IMPRINT | |
| Place of publication | Delhi |
| Name of publisher | Authorspress |
| Date of publication | 2005 |
| 650 ## - SUBJECT ADDED ENTRY--TOPICAL TERM | |
| Topical term | Dictionaries Journal |
| 942 ## - ADDED ENTRY ELEMENTS (KOHA) | |
| Koha item type | Books |
| Withdrawn status | Lost status | Source of classification | Damaged status | Not for loan | Home library | Current library | Date acquired | Total Checkouts | Call number | Accession number | Date last seen | Price effective from | Koha item type | Copy number |
|---|---|---|---|---|---|---|---|---|---|---|---|---|---|---|
| Dewey Decimal Classification | SEACOM MANAGEMENT COLLEGE | SEACOM MANAGEMENT COLLEGE | 26/09/2007 | 070.43 D947 | M-218 | 19/09/2024 | 19/09/2024 | Books | ||||||
| Dewey Decimal Classification | SEACOM MANAGEMENT COLLEGE | SEACOM MANAGEMENT COLLEGE | 26/09/2007 | 070.43 D947 | M-219 | 19/09/2024 | 19/09/2024 | Books | 1 | |||||
| Dewey Decimal Classification | SEACOM MANAGEMENT COLLEGE | SEACOM MANAGEMENT COLLEGE | 26/09/2007 | 070.43 D947 | M-220 | 19/09/2024 | 19/09/2024 | Books | 2 |
